00724nam a2200205 a 450000100100000000500170001000800410002704000130006808200150008110000310009624500500012725000130017726000470019030000210023750000700025850400510032804900090037995201130038899900170050100001643720200929164921.0100305s2001 dr 000 0 spa d aDO-SdBNP axxxbP453f1 aPerozo, Manuel Ant.93663810aFilosofía de comando /cManuel Ant. Perozo. a2da. ed. aSanto Domingo :bEditores Impresos,c2001. a119 p. ;c22 cm. aIncluye datos biográficos del autor en la solapa de la cubierta aIncluye referencias bibliográficas (p. 119-) aBNPD 0010718PDaPDbPDcCTd2010-03-05iLF1l0oxxx P453fp16437-10r2020-06-25w2020-06-25yLFPDZNo se presta c15972d15972